[Event "Reykjavik Open 2013"]
[Site "Reykjavik ISL"]
[Date "2013.02.19"]
[Round "1.3"]
[White "Navara, David"]
[Black "Marentini, Marcel"]
[Result "1-0"]
[WhiteTitle "GM"]
[WhiteElo "2710"]
[BlackElo "2069"]
[WhiteFideId "309095"]
[BlackFideId "1318730"]
[EventDate "2013.02.19"]

1. d4 Nf6 2. c4 e6 3. Nf3 d5 4. Bg5 Be7 5. e3 O-O 6. Nc3 h6 7. Bxf6 Bxf6 8. Qc2
c5 9. dxc5 Qa5 10. Rc1 Nd7 11. cxd5 exd5 12. a3 Qxc5 13. Qd2 Qa5 14. b4 Qxa3 15.
Nxd5 a5 16. Bb5 axb4 17. O-O Bc3 18. Ne7+ Kh8 19. Qd6 Ra6 20. Bxa6 1-0

[Event "Reykjavik Open 2013"]
[Site "Reykjavik ISL"]
[Date "2013.02.19"]
[Round "1.4"]
[White "Knutsson, Larus"]
[Black "Cheparinov, Ivan"]
[Result "0-1"]
[BlackTitle "GM"]
[WhiteElo "2072"]
[BlackElo "2709"]
[WhiteFideId "2806231"]
[BlackFideId "2905540"]
[EventDate "2013.02.19"]

1. e4 c5 2. c3 d6 3. d4 Nf6 4. dxc5 Nc6 5. cxd6 Nxe4 6. Nf3 Nxd6 7. h3 e5 8. Na3
f6 9. Nc4 Be6 10. Nxd6+ Bxd6 11. Be3 O-O 12. Qa4 Kh8 13. Rd1 Qe7 14. Bc4 Bd7 15.
Qc2 e4 16. Qd2 exf3 17. gxf3 Bb8 18. Qxd7 Qxd7 19. Rxd7 Ne5 20. Be6 Nxd7 21.
Bxd7 Bc7 22. O-O Rad8 23. Bf5 Bb6 24. Bc1 g6 25. Be4 Rd7 26. c4 Re8 27. b4 f5
28. c5 fxe4 29. cxb6 axb6 30. Be3 exf3 31. Bxb6 Re6 32. Bc5 Ra6 33. Re1 Rxa2 34.
Re3 Rd1+ 35. Kh2 Rxf2+ 36. Kg3 Re2 37. Rxf3 Kg8 38. h4 h5 39. Rc3 Re4 0-1

[Event "Reykjavik Open 2013"]
[Site "Reykjavik ISL"]
[Date "2013.02.19"]
[Round "1.6"]
[White "Heerde, Thomas"]
[Black "Yu, Yangyi"]
[Result "0-1"]
[BlackTitle "GM"]
[WhiteElo "2053"]
[BlackElo "2688"]
[WhiteFideId "12945684"]
[BlackFideId "8603820"]
[EventDate "2013.02.19"]

1. Nf3 c5 2. g3 Nc6 3. Bg2 g6 4. O-O Bg7 5. d3 e6 6. Nbd2 Nge7 7. e4 O-O 8. Qe2
d5 9. e5 a5 10. Re1 a4 11. h4 Nf5 12. c3 b5 13. Nf1 b4 14. Bg5 f6 15. exf6 Bxf6
16. a3 bxc3 17. bxc3 Rb8 18. N1h2 h6 19. Bxf6 Qxf6 20. Ng4 Qxc3 21. Nge5 Rb2 22.
Qd1 Nxe5 23. Nxe5 Qd4 24. Ng4 Nxg3 25. Re3 Rfxf2 26. Bh3 Rh2 27. Qf3 Rh1+ 28.
Qxh1 Nxh1 29. Kxh1 h5 0-1

[Event "Reykjavik Open 2013"]
[Site "Reykjavik ISL"]
[Date "2013.02.19"]
[Round "1.9"]
[White "Bu, Xiangzhi"]
[Black "Doell, Detlef"]
[Result "1-0"]
[WhiteTitle "GM"]
[WhiteElo "2675"]
[BlackElo "2044"]
[WhiteFideId "8601445"]
[BlackFideId "4659449"]
[EventDate "2013.02.19"]

1. Nf3 Nf6 2. c4 g6 3. g3 Bg7 4. Bg2 d6 5. d4 O-O 6. O-O Nc6 7. Nc3 Bg4 8. d5
Na5 9. Nd2 c5 10. h3 Bd7 11. Qc2 a6 12. b3 b5 13. Bb2 Rb8 14. Rab1 Qc8 15. Kh2
Qc7 16. f4 bxc4 17. bxc4 Rb4 18. a3 Rb7 19. Ba1 Rfb8 20. Rxb7 Rxb7 21. Rb1 Ne8
22. Rxb7 Qxb7 23. Bb2 Nc7 24. Nd1 Bxb2 25. Nxb2 Ne8 26. e4 Ng7 27. Nd3 Qb6 28.
g4 h5 29. Bf3 hxg4 30. hxg4 Nb7 31. e5 Qa5 32. Qc1 Qb6 33. Kg2 Ba4 34. Nf2 g5
35. exd6 Qxd6 36. Qb2 Na5 37. fxg5 Qf4 38. Nfe4 Qe3 39. Qe5 1-0

[Event "Reykjavik Open 2013"]
[Site "Reykjavik ISL"]
[Date "2013.02.19"]
[Round "1.10"]
[White "Thorsteinsdottir, Gudlaug"]
[Black "Gajewski, Grzegorz"]
[Result "0-1"]
[WhiteTitle "WF"]
[BlackTitle "GM"]
[WhiteElo "2041"]
[BlackElo "2644"]
[WhiteFideId "2300753"]
[BlackFideId "1116207"]
[EventDate "2013.02.19"]

1. d4 Nf6 2. c4 e6 3. Nf3 d5 4. Nc3 Bb4 5. e3 O-O 6. Bd3 b6 7. O-O Bb7 8. cxd5
exd5 9. a3 Bd6 10. Qc2 c5 11. dxc5 bxc5 12. Rd1 Nbd7 13. Bf5 Qe7 14. Bxd7 Qxd7
15. Qd3 Rad8 16. Bd2 d4 17. exd4 cxd4 18. Ne2 Be4 19. Qa6 Bxf3 20. gxf3 Qf5 21.
Kg2 Rfe8 22. Ng3 Qd5 23. a4 Rb8 24. Rab1 Rb3 25. Bc3 Bc5 26. Rd3 Rb6 27. Qa5 Qc4
28. Rbd1 dxc3 29. Rxc3 Bb4 30. Qxb6 Bxc3 31. Qxa7 Bxb2 32. a5 g6 33. a6 Qc6 34.
Rb1 Nd5 35. h3 Nf4+ 36. Kh2 Qxf3 37. Rg1 0-1

[Event "Reykjavik Open 2013"]
[Site "Reykjavik ISL"]
[Date "2013.02.19"]
[Round "1.11"]
[White "Sokolov, Ivan"]
[Black "Haraldsson, Leif"]
[Result "1-0"]
[WhiteTitle "GM"]
[WhiteElo "2644"]
[BlackElo "2028"]
[WhiteFideId "14400030"]
[BlackFideId "1710648"]
[EventDate "2013.02.19"]

1. d4 f5 2. Nc3 d5 3. Bf4 c6 4. e3 Nf6 5. Bd3 e6 6. Nf3 Be7 7. O-O O-O 8. Ne2
Nbd7 9. c4 Ne4 10. h3 Qe8 11. Bh2 g5 12. Ne5 Nxe5 13. Bxe5 Qg6 14. f3 Nf6 15.
Qc2 Qh6 16. Rae1 Bd7 17. Nc3 Rae8 18. a3 Rf7 19. cxd5 Nxd5 20. e4 Nxc3 21. Qxc3
f4 22. b4 Qf8 23. Bc4 Bf6 24. Bxf6 Rxf6 25. d5 Qg7 26. e5 Rf7 27. d6 h5 28. Re4
Kh7 29. a4 a6 30. Be2 Kh6 31. Qc5 Rf5 32. Re1 Rg8 33. Bd1 Be8 34. Qd4 Qd7 35.
Qc4 Rff8 36. Bb3 1-0

[Event "Reykjavik Open 2013"]
[Site "Reykjavik ISL"]
[Date "2013.02.19"]
[Round "1.12"]
[White "Murray, Michael A."]
[Black "Socko, Bartosz"]
[Result "0-1"]
[BlackTitle "GM"]
[WhiteElo "2017"]
[BlackElo "2643"]
[WhiteFideId "2609126"]
[BlackFideId "1107038"]
[EventDate "2013.02.19"]

1. Nf3 Nf6 2. c4 g6 3. Nc3 d5 4. cxd5 Nxd5 5. e4 Nxc3 6. dxc3 Qxd1+ 7. Kxd1 f6
8. Be3 e5 9. Bc4 Nd7 10. Ke2 Bc5 11. Bh6 Bf8 12. Be3 Bc5 13. Bh6 Bf8 14. Be3 Bc5 0-1

[Event "Reykjavik Open 2013"]
[Site "Reykjavik ISL"]
[Date "2013.02.19"]
[Round "1.14"]
[White "Jonsson, Olafur Gisli"]
[Black "Olafsson, Fridrik"]
[Result "0-1"]
[BlackTitle "GM"]
[WhiteElo "1870"]
[BlackElo "2416"]
[WhiteFideId "2302705"]
[BlackFideId "2300052"]
[EventDate "2013.02.19"]

1. e4 c5 2. Nf3 a6 3. c4 g6 4. Nc3 d6 5. d4 cxd4 6. Nxd4 Bg7 7. Be3 Nf6 8. Be2
O-O 9. O-O Nc6 10. Rc1 Bd7 11. f3 b5 12. cxb5 Nxd4 13. Bxd4 axb5 14. a3 Qb8 15.
Nd5 Nxd5 16. Bxg7 Kxg7 17. Qxd5 Qb6+ 18. Kh1 b4 19. Qb3 Rfb8 20. axb4 Qxb4 21.
Qxb4 Rxb4 22. Rc7 Be6 23. f4 Rxe4 24. Bf3 Rxf4 25. Re1 Rb8 26. Rxe7 Kf6 27. Ra7
Rxb2 28. Ra6 Rd4 29. h3 h5 30. Ra7 Rdb4 31. Kh2 R4b3 32. Rf1 Kg5 33. Ra5+ Rb5
34. Raa1 Rd2 35. Ra4 d5 36. Kg3 Rb3 37. h4+ Kf6 38. Kh2 Kg7 39. Ra7 Rd4 40. Re1
Rxh4+ 0-1

[Event "Reykjavik Open 2013"]
[Site "Reykjavik ISL"]
[Date "2013.02.19"]
[Round "1.16"]
[White "Kuzubov, Yuriy"]
[Black "Michel, Steve"]
[Result "1-0"]
[WhiteTitle "GM"]
[WhiteElo "2622"]
[BlackElo "2008"]
[WhiteFideId "14112906"]
[BlackFideId "1015931"]
[EventDate "2013.02.19"]

1. d4 Nf6 2. c4 c5 3. d5 e5 4. Nc3 d6 5. e4 Be7 6. g3 Nbd7 7. Bg2 O-O 8. Nge2 a6
9. O-O Ne8 10. f4 g6 11. f5 Bg5 12. h4 Bxc1 13. Qxc1 Rb8 14. a4 b6 15. Bh3 Nc7
16. Qh6 Nf6 17. g4 Kh8 18. Ng3 Ng8 19. Qg5 Bd7 20. Qxd8 Rbxd8 21. g5 f6 22. Kg2
Kg7 23. Nd1 Ra8 24. Ne3 b5 25. Bg4 Ne7 26. axb5 axb5 27. Rxa8 Nxa8 28. fxg6 Bxg4
29. Nxg4 1-0

[Event "Reykjavik Open 2013"]
[Site "Reykjavik ISL"]
[Date "2013.02.19"]
[Round "1.17"]
[White "Gunnarsson, Sigurdur Jon"]
[Black "L'Ami, Erwin"]
[Result "0-1"]
[BlackTitle "GM"]
[WhiteElo "2000"]
[BlackElo "2622"]
[WhiteFideId "2308312"]
[BlackFideId "1007998"]
[EventDate "2013.02.19"]

1. e4 c6 2. d4 d5 3. Nc3 dxe4 4. Nxe4 Bf5 5. Ng3 Bg6 6. Nf3 Nd7 7. h4 h6 8. h5
Bh7 9. Bd3 Bxd3 10. Qxd3 e6 11. Bd2 Ngf6 12. O-O-O Be7 13. Ne4 Qb6 14. Kb1 Rd8
15. Nxf6+ Nxf6 16. Qe2 Qb5 17. Qxb5 cxb5 18. Bf4 Nd5 19. Be5 f6 20. Bg3 b4 21.
Rhe1 Kf7 22. Re4 Rc8 23. Nh4 f5 24. Re5 f4 25. Ng6 fxg3 26. Nxh8+ Rxh8 27. fxg3
Bf6 28. Re4 Rc8 29. Rde1 Rc6 30. R1e2 a5 31. Rf2 a4 32. Rf3 a3 33. Rb3 Rc4 34.
Rd3 e5 35. Kc1 exd4 36. Re1 Ne3 37. Re2 axb2+ 38. Kxb2 Rc3 39. Rf2 Rxd3 40. cxd3
Nd1+ 0-1

[Event "Reykjavik Open 2013"]
[Site "Reykjavik ISL"]
[Date "2013.02.19"]
[Round "1.18"]
[White "Baklan, Vladimir"]
[Black "Pretterhofer, Kiaras"]
[Result "1-0"]
[WhiteTitle "GM"]
[WhiteElo "2609"]
[BlackElo "1997"]
[WhiteFideId "14102196"]
[BlackFideId "1618768"]
[EventDate "2013.02.19"]

1. e4 e5 2. Nf3 Nc6 3. Bb5 a6 4. Ba4 Nf6 5. Qe2 b5 6. Bb3 Be7 7. c3 d6 8. a4 Na5
9. Bc2 c6 10. axb5 cxb5 11. d4 Nc6 12. d5 Na5 13. Na3 Bd7 14. b4 Nc4 15. Nxc4
bxc4 16. Qxc4 Bb5 17. Ba4 O-O 18. Bxb5 axb5 19. Rxa8 Qxa8 20. Qd3 Rc8 21. O-O
Qa1 22. Bd2 Qa3 23. Qxb5 Nxe4 24. Qd7 Ra8 25. Qxe7 1-0

[Event "Reykjavik Open 2013"]
[Site "Reykjavik ISL"]
[Date "2013.02.19"]
[Round "1.19"]
[White "Andreasen, Jakup A.R."]
[Black "Solak, Dragan"]
[Result "0-1"]
[BlackTitle "GM"]
[WhiteElo "1992"]
[BlackElo "2603"]
[WhiteFideId "7200528"]
[BlackFideId "916811"]
[EventDate "2013.02.19"]

1. d4 Nf6 2. Nf3 g6 3. g3 Bg7 4. Bg2 O-O 5. O-O d6 6. c4 Nbd7 7. Nc3 e5 8. e4
exd4 9. Nxd4 a6 10. Rb1 Rb8 11. h3 Ne5 12. b3 c5 13. Nc2 Ne8 14. Nd5 b5 15. f4
Nd7 16. Nce3 Nef6 17. Bb2 Bb7 18. Qd3 Re8 19. Ba1 Bxd5 20. Nxd5 Nxd5 21. Qxd5
Bxa1 22. Rxa1 Nf6 23. Qd3 bxc4 24. bxc4 Re6 25. Rae1 Qe7 26. e5 dxe5 27. Bd5 e4
28. Qc2 Reb6 29. Bxe4 Re6 0-1

[Event "Reykjavik Open 2013"]
[Site "Reykjavik ISL"]
[Date "2013.02.19"]
[Round "1.20"]
[White "Dziuba, Marcin"]
[Black "Kleinert, Juergen"]
[Result "1-0"]
[WhiteTitle "GM"]
[WhiteElo "2602"]
[BlackElo "1991"]
[WhiteFideId "1112953"]
[BlackFideId "4659180"]
[EventDate "2013.02.19"]

1. d4 d5 2. c4 dxc4 3. e3 Nf6 4. Bxc4 e6 5. Nf3 a6 6. O-O c5 7. Bb3 Nc6 8. Qe2
b5 9. a4 Na5 10. Bc2 Qb6 11. dxc5 Bxc5 12. e4 Bb7 13. axb5 axb5 14. Nc3 Ba6 15.
Bd3 O-O 16. e5 Nd5 17. Bxh7+ Kxh7 18. Ng5+ Kg6 19. Qc2+ f5 20. exf6+ Kxf6 21.
Nce4+ Ke7 22. Qxc5+ Qxc5 23. Nxc5 Bc8 24. Nb3 1-0

[Event "Reykjavik Open 2013"]
[Site "Reykjavik ISL"]
[Date "2013.02.19"]
[Round "1.21"]
[White "Karlsson, Mikael Johann"]
[Black "Ipatov, Alexander"]
[Result "0-1"]
[BlackTitle "GM"]
[WhiteElo "1990"]
[BlackElo "2569"]
[WhiteFideId "2305194"]
[BlackFideId "14116731"]
[EventDate "2013.02.19"]

1. c4 e5 2. g3 Nf6 3. Bg2 Nc6 4. Nf3 Bc5 5. Nc3 d6 6. d3 a5 7. O-O Bg4 8. h3 Bf5
9. e4 Bd7 10. Kh2 h6 11. Qe2 a4 12. a3 O-O 13. Be3 Nd4 14. Bxd4 Bxd4 15. Nxd4
exd4 16. Nd1 Ra5 17. f4 Re8 18. Nf2 b5 19. c5 dxc5 20. Nd1 0-1

[Event "Reykjavik Open 2013"]
[Site "Reykjavik ISL"]
[Date "2013.02.19"]
[Round "1.22"]
[White "Oleksienko, Mikhailo"]
[Black "Sverrisson, Nokkvi"]
[Result "1-0"]
[WhiteTitle "GM"]
[WhiteElo "2568"]
[BlackElo "1990"]
[WhiteFideId "4152417"]
[BlackFideId "2304376"]
[EventDate "2013.02.19"]

1. e4 c5 2. Nf3 d6 3. d4 cxd4 4. Nxd4 Nf6 5. Nc3 g6 6. Be3 Bg7 7. f3 O-O 8. Qd2
Nc6 9. O-O-O d5 10. Kb1 Nxd4 11. e5 Nd7 12. Bxd4 Nxe5 13. Qe3 Nc6 14. Bxg7 Kxg7
15. Rxd5 Qc7 16. Bb5 Be6 17. Rc5 Rfd8 18. h4 Qg3 19. Bxc6 bxc6 20. Rg5 Qd6 21.
Re5 Qd4 22. Qxd4 Rxd4 23. Kc1 Rad8 24. Rc5 Rc4 25. Ra5 Rd7 26. g3 Rcd4 27. Rh2
h5 28. b3 Bf5 29. Ra6 R4d6 30. Re2 f6 31. f4 Kf7 32. Ra5 Rd4 33. Rc5 R7d6 34.
Re1 e6 35. Rd1 Rxd1+ 36. Nxd1 g5 37. hxg5 fxg5 38. fxg5 Kg6 39. Nf2 Rd5 40. Rxc6
Kxg5 41. Rc7 e5 42. Rxa7 e4 43. Nd1 h4 44. gxh4+ Kf4 45. Re7 Kf3 46. a4 1-0

[Event "Reykjavik Open 2013"]
[Site "Reykjavik ISL"]
[Date "2013.02.19"]
[Round "1.23"]
[White "Johannesson, Oliver"]
[Black "Grandelius, Nils"]
[Result "0-1"]
[BlackTitle "GM"]
[WhiteElo "1988"]
[BlackElo "2566"]
[WhiteFideId "2305623"]
[BlackFideId "1710400"]
[EventDate "2013.02.19"]

1. d4 Nf6 2. c4 g6 3. f3 Nc6 4. d5 Ne5 5. e4 d6 6. Nc3 Bg7 7. f4 Ned7 8. Nf3 O-O
9. Be2 c6 10. Be3 Nc5 11. Nd2 cxd5 12. cxd5 e6 13. b4 Na6 14. dxe6 Bxe6 15. O-O
Nxb4 16. f5 Bc8 17. Rb1 Nc6 18. Nc4 gxf5 19. Bg5 Ne5 20. Nxd6 Qc7 21. Ndb5 Qc5+
22. Kh1 Nfg4 23. Qe1 a6 24. Na4 Qc6 25. Rc1 Qg6 26. Nc7 Qxg5 27. Nxa8 fxe4 28.
Nc5 Ne3 29. Rg1 Bf5 30. Nb6 Qh6 31. Nc4 N5xc4 32. Bxc4 Ng4 33. h3 Bd4 34. Nxb7
Nf2+ 35. Kh2 Be5+ 0-1

[Event "Reykjavik Open 2013"]
[Site "Reykjavik ISL"]
[Date "2013.02.19"]
[Round "1.24"]
[White "Halkias, Stelios"]
[Black "Ofstad, Sigurd"]
[Result "1-0"]
[WhiteTitle "GM"]
[WhiteElo "2566"]
[BlackElo "1985"]
[WhiteFideId "4201809"]
[BlackFideId "1507729"]
[EventDate "2013.02.19"]

1. d4 f5 2. Nf3 Nf6 3. Bg5 e6 4. Nbd2 d5 5. e3 Bd6 6. c4 c6 7. Qc2 Nbd7 8. cxd5
cxd5 9. Be2 O-O 10. O-O Rf7 11. Rac1 Nf8 12. Ne5 Rc7 13. Qb3 Bd7 14. Bf4 Be8 15.
Rc3 Rac8 16. Rfc1 Ng6 17. Nxg6 Bxg6 18. Qxb7 Bxf4 19. exf4 Rxc3 20. Rxc3 Rxc3
21. bxc3 Qd7 22. Qxd7 Nxd7 23. Nb3 Nb6 24. Nc5 Kf7 25. f3 Ke7 26. Bb5 Bf7 27.
Kf2 Nc8 28. Ke2 Nd6 29. Ba4 Be8 30. Bxe8 Nxe8 31. Nd3 Nd6 32. Ne5 Nb5 33. Kd3
Kd6 34. g4 Nc7 35. h3 Na8 36. c4 dxc4+ 37. Nxc4+ Kc6 38. Ne3 a6 39. d5+ Kd6 40.
dxe6 Kxe6 41. Kd4 Nb6 42. a3 Nd7 43. Nd5 Kd6 44. Ne3 Ke6 45. Kc4 g6 46. Kb4 Nb6
47. Ka5 Nd5 48. Nxd5 Kxd5 49. Kxa6 Kd4 50. a4 Ke3 51. a5 1-0

[Event "Reykjavik Open 2013"]
[Site "Reykjavik ISL"]
[Date "2013.02.19"]
[Round "1.25"]
[White "Vigfusson, Vigfus"]
[Black "Esen, Baris"]
[Result "0-1"]
[BlackTitle "GM"]
[WhiteElo "1985"]
[BlackElo "2565"]
[WhiteFideId "2303914"]
[BlackFideId "6302114"]
[EventDate "2013.02.19"]

1. e4 c5 2. c3 d5 3. exd5 Qxd5 4. d4 Nf6 5. Nf3 e6 6. Be2 Be7 7. O-O O-O 8. Na3
Qd8 9. Nc2 b6 10. Ne5 Bb7 11. Bf3 Qc8 12. Bg5 Nc6 13. Nxc6 Bxc6 14. dxc5 Bxf3
15. Qxf3 Qxc5 16. Be3 Qb5 17. b3 Qd3 18. Rac1 Qxc3 19. Nd4 Qd3 20. Rfd1 Qe4 21.
Qxe4 Nxe4 22. Nc6 Bc5 23. Bxc5 Nxc5 24. b4 Ne4 25. Rd7 a6 26. Ne7+ Kh8 27. f3
Nf6 28. Rb7 b5 29. Rcc7 Rad8 30. Nc6 Rd1+ 31. Kf2 Rc1 32. Ne5 Rxc7 33. Rxc7 Nd5
34. Ra7 f6 35. Nd3 Rc8 36. Rxa6 Rc2+ 37. Kg3 g5 38. Rxe6 Rd2 39. Nc5 Nf4 40.
Re8+ Kg7 41. Kg4 Kf7 42. Rb8 Nxg2 43. Kf5 Nh4+ 44. Ke4 f5+ 45. Ke3 Rxa2 46. Rxb5
f4+ 47. Kd3 Nxf3 48. Ne4 h6 49. Rb6 Rxh2 50. b5 Rb2 51. Rxh6 Rxb5 52. Ke2 Kg7
53. Rd6 Rb3 54. Nf2 Re3+ 55. Kf1 Ne5 56. Kg2 Kf7 57. Nh3 Rg3+ 0-1

[Event "Reykjavik Open 2013"]
[Site "Reykjavik ISL"]
[Date "2013.02.19"]
[Round "1.27"]
[White "Orlova, Yelizaveta"]
[Black "Maze, Sebastien"]
[Result "0-1"]
[WhiteTitle "WC"]
[BlackTitle "GM"]
[WhiteElo "1978"]
[BlackElo "2556"]
[WhiteFideId "2601826"]
[BlackFideId "613762"]
[EventDate "2013.02.19"]

1. b3 e5 2. Bb2 Nc6 3. e3 Nf6 4. Bb5 Bd6 5. d3 Ne7 6. d4 e4 7. Nd2 c6 8. Be2 Bc7
9. c4 d5 10. Qc2 O-O 11. h3 a5 12. a3 Bf5 13. g4 Be6 14. O-O-O Ng6 15. f4 exf3
16. Ngxf3 Re8 17. Ne5 a4 18. b4 dxc4 19. Bxc4 Nd5 20. Bxd5 cxd5 21. Nxg6 hxg6
22. Qd3 Bd7 23. Nf3 Re7 24. Ne5 Qe8 25. Rde1 Bb5 26. Qb1 f6 27. Qa2 fxe5 0-1

[Event "Reykjavik Open 2013"]
[Site "Reykjavik ISL"]
[Date "2013.02.19"]
[Round "1.28"]
[White "Kveinys, Aloyzas"]
[Black "Newrkla, Alexander"]
[Result "1-0"]
[WhiteTitle "GM"]
[WhiteElo "2533"]
[BlackElo "1969"]
[WhiteFideId "12800040"]
[BlackFideId "1610830"]
[EventDate "2013.02.19"]

1. d4 Nc6 2. Nf3 e6 3. e4 d5 4. Nbd2 Be7 5. c3 dxe4 6. Nxe4 Nf6 7. Bd3 O-O 8.
Qe2 Nxe4 9. Qxe4 f5 10. Qe2 Bf6 11. O-O Ne7 12. Re1 Kh8 13. Ng5 Bxg5 14. Bxg5
Qd6 15. Bxe7 Qxe7 16. d5 Qd6 17. dxe6 Bxe6 18. Rad1 Bd5 19. Bb5 c6 20. c4 cxb5
21. cxd5 Qd7 22. d6 Rad8 23. Qd3 Rfe8 24. h3 h6 25. Rxe8+ Rxe8 26. Qd4 b6 27.
Rc1 Re4 28. Qd5 Re6 29. Rc6 Rf6 30. h4 f4 31. f3 Rf5 32. Qe4 Rf6 33. Qc2 Rf8 34.
b4 Qe6 35. Qc3 Rd8 36. Rc7 Rd7 37. Rxd7 Qxd7 38. Qc7 1-0

[Event "Reykjavik Open 2013"]
[Site "Reykjavik ISL"]
[Date "2013.02.19"]
[Round "1.29"]
[White "Ragnarsson, Dagur"]
[Black "Yilmaz, Mustafa"]
[Result "1/2-1/2"]
[BlackTitle "GM"]
[WhiteElo "1961"]
[BlackElo "2531"]
[WhiteFideId "2304058"]
[BlackFideId "6302718"]
[EventDate "2013.02.19"]

1. c4 c5 2. Nf3 Nc6 3. g3 e5 4. Nc3 g6 5. Bg2 Bg7 6. O-O Nge7 7. Ne1 d6 8. Nc2
h5 9. h4 Be6 10. d3 Qd7 11. Kh2 O-O 12. Rb1 f5 13. Bg5 d5 14. cxd5 Nxd5 15. Bxd5
Bxd5 16. b4 cxb4 17. Nxd5 Qxd5 18. Nxb4 Nxb4 19. Rxb4 Qxa2 20. Rxb7 a5 21. Qc1
Rac8 22. Qe3 Rf7 23. Rfb1 Rcf8 24. R1b2 Qd5 25. Rxf7 Qxf7 26. Rb5 Ra8 27. Qb6 a4
28. Qc6 Ra7 29. Be3 Re7 30. Rb8+ Kh7 31. Qxa4 f4 32. Bc5 Rc7 33. Bb6 Rc1 34. Qe4
fxg3+ 35. fxg3 Rc2 36. Kg2 Qa2 37. Kf2 Qf7+ 38. Kg2 Qa2 39. Kf2 Qf7+ 40. Kg2 Qa2
41. Kf2 1/2-1/2

[Event "Reykjavik Open 2013"]
[Site "Reykjavik ISL"]
[Date "2013.02.19"]
[Round "1.31"]
[White "Bjornes, Leif"]
[Black "Gretarsson, Hjorvar Steinn"]
[Result "0-1"]
[BlackTitle "IM"]
[WhiteElo "1957"]
[BlackElo "2509"]
[WhiteFideId "1507397"]
[BlackFideId "2302241"]
[EventDate "2013.02.19"]

1. d4 g6 2. c4 Bg7 3. Nc3 d6 4. e4 Nd7 5. Be3 c5 6. Nf3 cxd4 7. Nxd4 Ngf6 8. Be2
O-O 9. O-O Nc5 10. f3 a5 11. Qd2 Bd7 12. Rab1 Qb8 13. Nd5 Nxd5 14. cxd5 Rc8 15.
Rfc1 a4 16. Rc2 b6 17. Rbc1 Qb7 18. Qb4 h5 19. Kf2 Kh7 20. Qd2 b5 21. b4 axb3
22. Nxb3 Nxb3 23. axb3 Rxc2 24. Rxc2 b4 25. Bd4 Bxd4+ 26. Qxd4 Ra3 27. Bc4 f6
28. Ke2 Kg7 29. Kd2 Kf7 30. h4 Qb8 31. Ke2 Qd8 32. Qd2 Qb8 33. Qh6 Qf8 34. Qd2
Qb8 35. Qh6 Qg8 36. Qd2 g5 37. hxg5 Qxg5 38. Qxg5 fxg5 39. g3 Kf6 40. Kf2 Be8
41. f4 Bd7 42. Ke3 Ra1 43. Rh2 Bg4 44. Rb2 Rg1 45. Kf2 Rh1 46. Bf1 gxf4 47. gxf4
h4 48. Kg2 Rh3 49. Be2 Rg3+ 50. Kh2 Bxe2 51. Rxe2 Rd3 52. Rc2 Rxb3 53. Rc4 Rb1
54. Kh3 b3 55. Rb4 b2 56. Kg2 Kg6 57. Rb8 Kh5 58. e5 Kg4 0-1

[Event "Reykjavik Open 2013"]
[Site "Reykjavik ISL"]
[Date "2013.02.19"]
[Round "1.32"]
[White "Danielsen, Henrik"]
[Black "Birgisson, Ingvar Orn"]
[Result "1-0"]
[WhiteTitle "GM"]
[WhiteElo "2507"]
[BlackElo "1953"]
[WhiteFideId "1400185"]
[BlackFideId "2301407"]
[EventDate "2013.02.19"]

1. c4 e5 2. Nc3 Nf6 3. Nf3 Nc6 4. d3 d5 5. cxd5 Nxd5 6. g3 Be6 7. Bg2 f6 8. O-O
Qd7 9. d4 exd4 10. Nxd4 Nxc3 11. bxc3 Nxd4 12. cxd4 c6 13. Qa4 Bh3 14. Bxh3 Qxh3
15. Rb1 Qd7 16. Bf4 g5 17. Be3 a6 18. Rb6 Bd6 19. Rfb1 Rb8 20. Qb3 h5 21. Rxb7
Rxb7 22. Qxb7 Ke7 23. Qxa6 Rb8 24. Rxb8 Bxb8 25. Qd3 Qg4 26. Qh7+ Kd6 27. Qh8 1-0

[Event "Reykjavik Open 2013"]
[Site "Reykjavik ISL"]
[Date "2013.02.19"]
[Round "1.34"]
[White "Williams, Simon K"]
[Black "Meier, Gerd"]
[Result "1-0"]
[WhiteTitle "GM"]
[WhiteElo "2498"]
[BlackElo "1949"]
[WhiteFideId "404454"]
[BlackFideId "4682971"]
[EventDate "2013.02.19"]

1. d4 Nf6 2. c4 e5 3. dxe5 Ng4 4. e4 Nxe5 5. f4 Nec6 6. Be3 Bb4+ 7. Nd2 O-O 8.
a3 Bxd2+ 9. Qxd2 a5 10. Nf3 d6 11. Bd3 f5 12. O-O b6 13. exf5 Bxf5 14. Ng5 Qd7
15. Bxf5 Qxf5 16. Qd5+ Qxd5 17. cxd5 Nd8 18. f5 Na6 19. Bd4 h6 20. Ne6 Nxe6 21.
dxe6 Rae8 22. Rae1 c5 23. Bc3 Nc7 24. Rd1 d5 25. Be5 Rc8 26. Bxc7 Rxc7 27. Rxd5
b5 28. Rc1 Rfc8 29. Kf2 Kf8 30. Ke3 Ke7 31. Ke4 a4 32. Ke5 b4 33. Rc4 h5 34. g3 1-0

[Event "Reykjavik Open 2013"]
[Site "Reykjavik ISL"]
[Date "2013.02.19"]
[Round "1.35"]
[White "Kuehnast, Volker"]
[Black "Stefansson, Hannes"]
[Result "0-1"]
[BlackTitle "GM"]
[WhiteElo "1936"]
[BlackElo "2496"]
[WhiteFideId "24653756"]
[BlackFideId "2300087"]
[EventDate "2013.02.19"]

1. e4 c5 2. Nf3 e6 3. d3 Nc6 4. g3 d6 5. Bg2 Nf6 6. O-O Be7 7. Re1 O-O 8. Nbd2
Qc7 9. Nf1 Rb8 10. h4 b5 11. N1h2 b4 12. g4 e5 13. Ng5 Bd7 14. Re3 Nd4 15. Rg3
c4 16. Be3 cxd3 17. cxd3 Nc2 18. Rc1 Nxe3 19. fxe3 Qb6 20. b3 Rfc8 21. Rxc8+
Rxc8 22. Nh3 Qc5 23. g5 Qc1 24. Nf2 Nh5 25. Rf3 Qb2 26. Qe1 Rc1 27. Nd1 Qxa2 28.
Rf1 Rc2 29. Rf2 Rxf2 30. Qxf2 Qxb3 31. Bf3 g6 32. d4 exd4 33. exd4 Nf4 34. Qe3
Qxe3+ 35. Nxe3 b3 0-1

[Event "Reykjavik Open 2013"]
[Site "Reykjavik ISL"]
[Date "2013.02.19"]
[Round "1.36"]
[White "Kristjansson, Stefan"]
[Black "Saemundsson, Bjarni"]
[Result "1-0"]
[WhiteTitle "GM"]
[WhiteElo "2486"]
[BlackElo "1935"]
[WhiteFideId "2301172"]
[BlackFideId "2302900"]
[EventDate "2013.02.19"]

1. e4 e5 2. Nf3 Nc6 3. Bc4 Nf6 4. d3 Be7 5. c3 O-O 6. Bb3 d5 7. Nbd2 dxe4 8.
dxe4 Bg4 9. h3 Bh5 10. Qe2 Nd7 11. Bd5 Na5 12. a3 c6 13. Ba2 b5 14. O-O Qc7 15.
b4 Nb7 16. Bb2 a5 17. Rfc1 axb4 18. cxb4 Rfc8 19. Nf1 Kf8 20. Ng3 Bg6 21. Nf5 f6
22. N3h4 Bf7 23. Bxf7 Kxf7 24. Qh5+ Kf8 25. Qxh7 1-0